[Event "Scarborough CC Fall Swiss"]
[Site "Toronto CAN"]
[Date "2008.11.06"]
[Round "2"]
[White "Moysoski, Randy"]
[Black "Samaroo, Muneshwar"]
[Result "1-0"]
[WhiteElo "1804"]
[BlackElo "1646"]
[PlyCount "116"]
[GameId "2160767910294556"]
[EventDate "2008.10.30"]
[EventType "swiss"]
[EventRounds "8"]
[EventCountry "CAN"]
[SourceTitle "EXT 2011"]
[Source "ChessBase"]
[SourceDate "2011.11.26"]
[SourceVersion "1"]
[SourceVersionDate "2011.11.26"]
[SourceQuality "1"]

1. e4 c5 2. Nc3 Nc6 3. g3 Nf6 4. d3 e6 5. Bg5 Be7 6. Qd2 a6 7. Bg2 h6 8. Bf4 d6 9. Nh3 e5 10. Be3 Be6 11. f4 b5 12. f5 Bd7 13. Nf2 b4 14. Ncd1 Rb8 15. O-O a5 16. g4 Nh7 17. Nh3 Bg5 18. Nxg5 hxg5 19. Nf2 f6 20. h4 Qe7 21. Nh3 gxh4 22. Kh2 Kd8 23. c3 Bc8 24. Qf2 Ba6 25. Rfd1 Ng5 26. Nxg5 fxg5 27. Qd2 Kc7 28. Bxg5 Qf7 29. Kh3 Bc8 30. Be3 Qd7 31. Rac1 Rf8 32. d4 bxc3 33. bxc3 c4 34. d5 Ne7 35. Rb1 Ba6 36. Qf2 Qa4 37. Bf3 Ng8 38. Ba7 Rb5 39. Rxb5 Qxb5 40. Qc2 Qb7 41. Be3 Rb8 42. Kxh4 Nf6 43. Kg3 Qb2 44. Qa4 Qb5 45. Qa3 a4 46. g5 Nd7 47. Rh1 Nf8 48. Rh8 Qd7 49. Bd1 Bb5 50. Qb4 Ra8 51. Rxf8 Rxf8 52. Qa5+ Kb7 53. Qa7+ Kc8 54. Qa8+ Kc7 55. Qxf8 Kb7 56. Bg4 Qc7 57. f6 gxf6 58. gxf6 a3 1-0

[Event "Scarborough CC Fall Swiss"]
[Site "Toronto CAN"]
[Date "2008.11.06"]
[Round "2"]
[White "Rapoport, Alexander"]
[Black "Rutherdale, William"]
[Result "1-0"]
[WhiteElo "1895"]
[BlackElo "1756"]
[PlyCount "65"]
[GameId "2160767910294557"]
[EventDate "2008.10.30"]
[EventType "swiss"]
[EventRounds "8"]
[EventCountry "CAN"]

1. Nf3 c5 2. g3 Nf6 3. Bg2 g6 4. O-O Bg7 5. d3 Nc6 6. Nbd2 O-O 7. Re1 d6 8. Nf1 Bd7 9. Rb1 Qc8 10. e4 Bh3 11. Ne3 Bxg2 12. Kxg2 Rd8 13. Qe2 a6 14. Bd2 b5 15. Nd5 Qb7 16. Bg5 Nxd5 17. exd5 Nb4 18. c4 Nxa2 19. Qxe7 Rd7 20. Qe4 a5 21. Qh4 Nb4 22. Re3 Nc2 23. Re2 Nd4 24. Nxd4 Bxd4 25. Rbe1 f5 26. Re7 h5 27. Bf6 Ra7 28. Re8+ Kf7 29. Bxd4 cxd4 30. Qxd4 bxc4 31. dxc4 Ra8 32. Qh8 Rxe8 33. Rxe8 1-0

[Event "Scarborough CC Fall Swiss"]
[Site "Toronto CAN"]
[Date "2008.11.06"]
[Round "2"]
[White "Sherman, Joshua"]
[Black "Casareno, Erwin"]
[Result "0-1"]
[WhiteElo "1895"]
[BlackElo "2214"]
[PlyCount "90"]
[GameId "2160767910294558"]
[EventDate "2008.10.30"]
[EventType "swiss"]
[EventRounds "8"]
[EventCountry "CAN"]

1. e4 d5 2. exd5 Qxd5 3. Nc3 Qa5 4. d4 Nf6 5. Nf3 Bg4 6. h3 Bh5 7. g4 Bg6 8. Ne5 c6 9. Nxg6 hxg6 10. Bc4 e6 11. Qe2 Bb4 12. Bd2 Nbd7 13. O-O-O Kf8 14. Kb1 b5 15. Bb3 Qb6 16. Ne4 Bxd2 17. Rxd2 Nxe4 18. Qxe4 Nf6 19. Qf3 Rd8 20. Bxe6 fxe6 21. g5 Rxd4 22. Rxd4 Qxd4 23. gxf6 gxf6 24. Qxc6 Qd5 25. Qc8+ Ke7 26. Qc7+ Qd7 27. Qxd7+ Kxd7 28. Rd1+ Kc6 29. Rd3 e5 30. Kc1 f5 31. Kd2 f4 32. b4 a6 33. Ra3 Kd5 34. Rxa6 Rxh3 35. Rxg6 Rh2 36. Ke2 e4 37. Rg1 e3 38. Rf1 Ke4 39. Ke1 f3 40. fxe3 Rxc2 41. Rf2 Rc1+ 42. Kd2 Ra1 43. Kc3 Kxe3 44. Rxf3+ Kxf3 45. Kb2 Re1 0-1

[Event "Scarborough CC Fall Swiss"]
[Site "Toronto CAN"]
[Date "2008.11.06"]
[Round "2"]
[White "Villalobos, Oscar"]
[Black "Bellomo, Joe"]
[Result "1-0"]
[WhiteElo "2044"]
[BlackElo "1774"]
[PlyCount "67"]
[GameId "2160767910294559"]
[EventDate "2008.10.30"]
[EventType "swiss"]
[EventRounds "8"]
[EventCountry "CAN"]
[SourceTitle "EXT 2011"]
[Source "ChessBase"]
[SourceDate "2011.11.26"]
[SourceVersion "1"]
[SourceVersionDate "2011.11.26"]
[SourceQuality "1"]

1. d4 Nf6 2. Nf3 e6 3. Nbd2 d5 4. e3 c5 5. c3 c4 6. Qc2 Nc6 7. e4 b5 8. Be2 Be7 9. O-O O-O 10. e5 Nd7 11. Ne1 Qb6 12. Ndf3 f5 13. Bg5 Qd8 14. Qd2 Bxg5 15. Nxg5 Qe7 16. f4 h6 17. Nh3 g6 18. Kh1 Rf7 19. Rg1 Rg7 20. Nc2 Nf8 21. g4 Nd8 22. Rg3 Bb7 23. Rag1 Nf7 24. Ne3 Nh8 25. gxf5 exf5 26. Nxf5 gxf5 27. Rxg7+ Qxg7 28. Rxg7+ Kxg7 29. Qe3 Nfg6 30. Bf3 Re8 31. Kg2 Nf7 32. Kg3 Nd6 33. exd6 Rxe3 34. d7 1-0

[Event "Scarborough CC Fall Swiss"]
[Site "Toronto CAN"]
[Date "2008.11.06"]
[Round "2"]
[White "Wu, Aaron"]
[Black "Lamb, Bryan"]
[Result "0-1"]
[WhiteElo "1837"]
[BlackElo "2183"]
[PlyCount "80"]
[GameId "2160767910294561"]
[EventDate "2008.10.30"]
[EventType "swiss"]
[EventRounds "8"]
[EventCountry "CAN"]

1. e4 d6 2. d4 Nf6 3. Nc3 g6 4. Nf3 Bg7 5. Bg5 c6 6. Qd2 Qa5 7. Bd3 h6 8. Bh4 e5 9. O-O Nbd7 10. Rad1 O-O 11. Bc4 b5 12. Bd3 Re8 13. a3 Qb6 14. dxe5 dxe5 15. Ne2 Kh7 16. Rfe1 Nc5 17. Nc1 Bg4 18. Qe3 Rad8 19. b4 Ncxe4 20. h3 Qxe3 21. Rxe3 Bxf3 22. Rxf3 Ng5 23. Rg3 e4 24. Be2 Rxd1+ 25. Bxd1 Nd5 26. Bxg5 hxg5 27. c4 bxc4 28. Ba4 Be5 29. Rxg5 f5 30. Ne2 Nf4 31. Ng3 Bf6 32. Bxc6 c3 33. Bxe8 c2 34. Bxg6+ Kh6 35. Rxf5 c1=Q+ 36. Kh2 Bd4 37. Rf6 Nxg6 38. Nxe4 Bxf6 39. Nxf6 Qf4+ 40. Kg1 Qxf6 0-1

[Event "Scarborough CC Fall Swiss"]
[Site "Toronto CAN"]
[Date "2008.11.13"]
[Round "3"]
[White "Arfin, Sam"]
[Black "Corvo, Paul"]
[Result "1-0"]
[WhiteElo "1902"]
[BlackElo "1765"]
[PlyCount "116"]
[GameId "2160767910294562"]
[EventDate "2008.10.30"]
[EventType "swiss"]
[EventRounds "8"]
[EventCountry "CAN"]

1. d4 Nf6 2. Nf3 g6 3. Bf4 Bg7 4. e3 O-O 5. h3 d5 6. Bd3 Nc6 7. O-O Nb4 8. Be2 Bf5 9. Na3 a6 10. c3 Nc6 11. Nb1 h6 12. Nbd2 g5 13. Bh2 b5 14. Nb3 Nd7 15. Bd3 Bxd3 16. Qxd3 f5 17. Rad1 Nb6 18. Nc5 Qc8 19. Ne5 Nxe5 20. dxe5 e6 21. f4 Qe8 22. Qe2 Qc6 23. Nb3 Nc4 24. Nd4 Qe8 25. b3 Nb6 26. g4 c5 27. Nc2 Qg6 28. Rf2 Rf7 29. Rg2 Raf8 30. h4 gxh4 31. g5 Kh8 32. Rf1 Rg8 33. Rf3 Bf8 34. Rh3 Rh7 35. Rxh4 Be7 36. Bg3 Rgg7 37. gxh6 Rg8 38. Rhh2 Qg4 39. Qxg4 Rxg4 40. Bf2 Rxg2+ 41. Kxg2 Nd7 42. Bh4 Bxh4 43. Rxh4 Kg8 44. b4 Kf7 45. Kf3 Kg6 46. Ke2 Rxh6 47. Rxh6+ Kxh6 48. Kd3 Kg6 49. bxc5 Nxc5+ 50. Kd4 Ne4 51. Nb4 a5 52. Nc6 b4 53. cxb4 axb4 54. Nxb4 Kf7 55. Nd3 Ke7 56. Nc5 Nd2 57. a4 Nc4 58. Nb3 Kd7 1-0

[Event "Scarborough CC Fall Swiss"]
[Site "Toronto CAN"]
[Date "2008.11.13"]
[Round "3"]
[White "Armstrong, Robert J"]
[Black "Wang, Jerry ZS"]
[Result "0-1"]
[WhiteElo "1804"]
[BlackElo "1932"]
[PlyCount "60"]
[GameId "2160767910294563"]
[EventDate "2008.10.30"]
[EventType "swiss"]
[EventRounds "8"]
[EventCountry "CAN"]

1. d4 Nf6 2. c4 g6 3. Nc3 Bg7 4. e4 d6 5. f3 O-O 6. Be3 e5 7. Nge2 Nc6 8. d5 Ne7 9. g4 Ne8 10. Qd2 f5 11. gxf5 gxf5 12. Bg5 f4 13. Rg1 Kh8 14. Nc1 c5 15. dxc6 bxc6 16. Nd3 Qc7 17. h4 h6 18. Bxe7 Qxe7 19. Qh2 Bf6 20. h5 Be6 21. b3 Bh4+ 22. Ke2 Bg3 23. Qh1 Bf7 24. Bh3 Rd8 25. Nf2 d5 26. cxd5 Qc5 27. Nfd1 cxd5 28. exd5 Bxd5 29. Bg4 Bc4+ 30. bxc4 Qxc4# 0-1

[Event "Scarborough CC Fall Swiss"]
[Site "Toronto CAN"]
[Date "2008.11.13"]
[Round "3"]
[White "Ferreira, Alex"]
[Black "Morrison, Kyle"]
[Result "0-1"]
[WhiteElo "1960"]
[BlackElo "2244"]
[PlyCount "128"]
[GameId "2160767910294564"]
[EventDate "2008.10.30"]
[EventType "swiss"]
[EventRounds "8"]
[EventCountry "CAN"]
[SourceTitle "EXT 2011"]
[Source "ChessBase"]
[SourceDate "2011.11.26"]
[SourceVersion "1"]
[SourceVersionDate "2011.11.26"]
[SourceQuality "1"]

1. Nc3 c5 2. e4 Nc6 3. f4 g6 4. Nf3 Bg7 5. Bc4 e6 6. O-O Nge7 7. e5 d6 8. Qe1 dxe5 9. fxe5 Nxe5 10. Nxe5 Qd4+ 11. Qf2 Bxe5 12. d3 Qxf2+ 13. Kxf2 Nf5 14. Ne4 b6 15. g4 Nd6 16. Nxd6+ Bxd6 17. Bh6 Bd7 18. Kg1 Bf8 19. Bxf8 Rxf8 20. g5 Ke7 21. Rf6 Rh8 22. Raf1 Raf8 23. Kg2 h6 24. gxh6 Rxh6 25. Kg3 Rh5 26. h4 g5 27. Kg4 Rxh4+ 28. Kxg5 Rh2 29. R6f2 f6+ 30. Kf4 Rh3 31. Rf3 Rfh8 32. Rg1 Rxf3+ 33. Kxf3 Rh2 34. Rg7+ Kd6 35. Bb3 a5 36. a4 Rh4 37. Rg6 f5 38. Kg3 Rh1 39. Kf4 Rf1+ 40. Ke3 Rb1 41. Kd2 f4 42. Bc4 Rxb2 43. Kc1 Rb4 44. Rg7 Bxa4 45. c3 Rxc4 46. dxc4 f3 47. Kd2 Bb3 48. Rf7 Bxc4 49. Rxf3 a4 50. Rf8 a3 51. Kc2 a2 52. Kb2 b5 53. Rd8+ Ke5 54. Rc8 Kd5 55. Rd8+ Ke4 56. Rc8 e5 57. Rxc5 Kf4 58. Rc8 e4 59. Ra8 e3 60. Kc2 Kf3 61. Rf8+ Ke2 62. Ra8 Ke1 63. Rh8 a1=Q 64. Rh1+ Bf1 0-1

[Event "Scarborough CC Fall Swiss"]
[Site "Toronto CAN"]
[Date "2008.11.13"]
[Round "3"]
[White "Kurkowski, Ken"]
[Black "Brammall, Stuart"]
[Result "1-0"]
[WhiteElo "1625"]
[BlackElo "1682"]
[PlyCount "71"]
[GameId "2160767910294565"]
[EventDate "2008.10.30"]
[EventType "swiss"]
[EventRounds "8"]
[EventCountry "CAN"]

1. d4 f5 2. c4 d6 3. Nf3 Nf6 4. Nc3 g6 5. g3 Bg7 6. Bg2 O-O 7. O-O Qe8 8. d5 a5 9. Re1 Na6 10. e4 fxe4 11. Nxe4 Nxe4 12. Rxe4 Nc5 13. Re1 Qf7 14. Qe2 Bg4 15. Ng5 Bxe2 16. Nxf7 Bxc4 17. Nh6+ Bxh6 18. Bxh6 Rfe8 19. Re3 e5 20. dxe6 Rxe6 21. Rc3 Bb5 22. Bd5 Bc6 23. Bxe6+ Nxe6 24. Re1 Kf7 25. Rce3 Re8 26. b3 Nd4 27. Rxe8 Bxe8 28. Re3 Bc6 29. Bf4 Kf6 30. h4 h5 31. Bg5+ Kf5 32. Re7 Nf3+ 33. Kf1 Bb5+ 34. Kg2 Bc6 35. Rf7+ Kg4 36. Rf4# 1-0

[Event "Scarborough CC Fall Swiss"]
[Site "Toronto CAN"]
[Date "2008.11.13"]
[Round "3"]
[White "Paterson, Jim"]
[Black "Moran-Venegas, Mario"]
[Result "0-1"]
[WhiteElo "1843"]
[BlackElo "1724"]
[PlyCount "108"]
[GameId "2160767910294566"]
[EventDate "2008.10.30"]
[EventType "swiss"]
[EventRounds "8"]
[EventCountry "CAN"]

1. e3 g6 2. f4 Bg7 3. d4 Nf6 4. Bd3 Nc6 5. c3 b6 6. Nf3 O-O 7. O-O a5 8. Qe2 Bb7 9. Na3 Na7 10. Bd2 Be4 11. Be1 Bxd3 12. Qxd3 d6 13. Rd1 Qd7 14. b3 b5 15. e4 Rab8 16. Nc2 Nc6 17. d5 Nd8 18. Ne3 Nb7 19. b4 c5 20. a3 Rfc8 21. Rb1 cxb4 22. cxb4 axb4 23. axb4 Nd8 24. Bd2 e6 25. Rfc1 exd5 26. Nxd5 Nc6 27. Nxf6+ Bxf6 28. e5 Be7 29. Be3 Qe6 30. Nd4 Nxd4 31. Qxd4 dxe5 32. Rxc8+ Rxc8 33. Qxe5 Qxe5 34. fxe5 Rc4 35. Bd2 Bf8 36. Kf1 Bg7 37. Re1 Rd4 38. Bc3 Rd3 39. Rc1 Re3 40. Kf2 Bh6 41. Rc2 Re4 42. Kf3 Rc4 43. Ke2 Bf8 44. Kd3 Bxb4 45. Bxb4 Rxb4 46. Rc5 Kf8 47. Kc3 Rb1 48. Kc2 Rg1 49. g3 Rg2+ 50. Kb3 Rxh2 51. Kb4 Rg2 52. Rc3 Rb2+ 53. Kc5 Ke7 54. Kd5 Rd2+ 0-1

[Event "Scarborough CC Fall Swiss"]
[Site "Toronto CAN"]
[Date "2008.11.13"]
[Round "3"]
[White "Rutherdale, William"]
[Black "Wilker, Marcus"]
[Result "0-1"]
[WhiteElo "1756"]
[BlackElo "1832"]
[PlyCount "66"]
[GameId "2160767910294567"]
[EventDate "2008.10.30"]
[EventType "swiss"]
[EventRounds "8"]
[EventCountry "CAN"]

1. d4 Nf6 2. c4 e6 3. Nc3 Bb4 4. Qc2 O-O 5. Nf3 c5 6. e3 Nc6 7. Bd3 Qc7 8. Bd2 Bxc3 9. Bxc3 Nb4 10. Bxb4 cxb4 11. O-O d5 12. Ne5 dxc4 13. Bxc4 b5 14. Bd3 Qxc2 15. Bxc2 Bb7 16. Bd3 a6 17. Rfc1 Rac8 18. Kf1 Rfd8 19. f3 h5 20. h4 Nd5 21. Ke2 f6 22. Ng6 Kf7 23. Be4 Ba8 24. Kd2 Nxe3 25. Nf4 Nc4+ 26. Ke2 Bxe4 27. fxe4 Rxd4 28. b3 Rxe4+ 29. Kf3 Nd2+ 30. Kg3 Rc3+ 31. Rxc3 bxc3 32. Nxh5 e5 33. Rc1 b4 0-1

[Event "Scarborough CC Fall Swiss"]
[Site "Toronto CAN"]
[Date "2008.11.13"]
[Round "3"]
[White "Sellars, Karl"]
[Black "Hall, John"]
[Result "1-0"]
[WhiteElo "2154"]
[BlackElo "2208"]
[PlyCount "61"]
[GameId "2160767910294568"]
[EventDate "2008.10.30"]
[EventType "swiss"]
[EventRounds "8"]
[EventCountry "CAN"]

1. d4 Nf6 2. c4 e6 3. Nf3 d5 4. Nc3 Nbd7 5. cxd5 exd5 6. Bg5 c6 7. e3 Be7 8. Bd3 O-O 9. Qc2 Re8 10. O-O Nf8 11. h3 Ng6 12. Rab1 Ne4 13. Bxe7 Qxe7 14. b4 Nh4 15. Ne1 Ng5 16. Qe2 Nxg2 17. Nxg2 Nxh3+ 18. Kh2 Qd6+ 19. f4 Qh6 20. Kg3 g5 21. f5 g4 22. Qxg4+ Ng5 23. Kf2 Kh8 24. Rh1 Qf6 25. Rh5 Rg8 26. Rbh1 Bd7 27. Qf4 Rg7 28. Qe5 Qd8 29. f6 Nh3+ 30. R1xh3 Rxg2+ 31. Kxg2 1-0

[Event "Scarborough CC Fall Swiss"]
[Site "Toronto CAN"]
[Date "2008.11.20"]
[Round "4"]
[White "Beal, Greg"]
[Black "Kurkowski, Ken"]
[Result "0-1"]
[WhiteElo "1829"]
[BlackElo "1624"]
[PlyCount "60"]
[GameId "2160767910294569"]
[EventDate "2008.10.30"]
[EventType "swiss"]
[EventRounds "8"]
[EventCountry "CAN"]
[SourceTitle "EXT 2011"]
[Source "ChessBase"]
[SourceDate "2011.11.26"]
[SourceVersion "1"]
[SourceVersionDate "2011.11.26"]
[SourceQuality "1"]

1. e4 c5 2. Nf3 Nc6 3. d4 cxd4 4. Nxd4 Nf6 5. Nc3 e5 6. Ndb5 d6 7. Bg5 a6 8. Na3 b5 9. Nd5 Be7 10. Bxf6 Bxf6 11. c3 Be6 12. Nc2 O-O 13. Nce3 Bg5 14. Bd3 Ne7 15. O-O Bxd5 16. Nxd5 Nxd5 17. exd5 f5 18. a4 Rb8 19. axb5 axb5 20. Ra6 e4 21. Bc2 Qf6 22. Qa1 Qe5 23. Qa3 Rfd8 24. Qb4 e3 25. f4 e2 26. Re1 Bxf4 27. Raa1 Bxh2+ 28. Kh1 Bg3 29. Bd3 Bxe1 30. Rxe1 Qg3 0-1

[Event "Scarborough CC Fall Swiss"]
[Site "Toronto CAN"]
[Date "2008.11.20"]
[Round "4"]
[White "Derraugh, Geordie"]
[Black "Casareno, Erwin"]
[Result "0-1"]
[WhiteElo "2087"]
[BlackElo "2214"]
[PlyCount "89"]
[GameId "2160767910294570"]
[EventDate "2008.10.30"]
[EventType "swiss"]
[EventRounds "8"]
[EventCountry "CAN"]
[SourceTitle "EXT 2011"]
[Source "ChessBase"]
[SourceDate "2011.11.26"]
[SourceVersion "1"]
[SourceVersionDate "2011.11.26"]
[SourceQuality "1"]

1. e4 c5 2. Nf3 d6 3. d4 cxd4 4. Nxd4 Nf6 5. Bb5+ Nbd7 6. O-O a6 7. Ba4 Nxe4 8. Re1 Nec5 9. Nf5 e6 10. Bxd7+ Qxd7 11. b4 Na4 12. Bf4 d5 13. Qd4 f6 14. Nd2 Kf7 15. Ng3 Be7 16. Nf3 Qb5 17. Bd2 Qc4 18. Re2 Re8 19. c3 Bd7 20. Qe3 Rac8 21. Rc1 Bd6 22. Nd4 Nb2 23. Qf3 Nd3 24. Rd1 Ne5 25. Qh5+ Kg8 26. Nc2 Qxa2 27. Nd4 Qc4 28. f4 Nc6 29. Nxc6 bxc6 30. Qg4 f5 31. Qg5 Be7 32. Qh5 Bf6 33. Rde1 g6 34. Qf3 c5 35. Rb1 Bb5 36. Rbe1 d4 37. bxc5 d3 38. Rf2 Qxc5 39. Rc1 Qa3 40. Re1 Bxc3 41. h4 Bd4 42. Be3 Qa4 43. h5 Bc6 44. Ne4 Bxe4 45. Qg3 0-1

[Event "Scarborough CC Fall Swiss"]
[Site "Toronto CAN"]
[Date "2008.11.20"]
[Round "4"]
[White "Hall, John2"]
[Black "Bellomo, Joe"]
[Result "1-0"]
[WhiteElo "2208"]
[BlackElo "1774"]
[PlyCount "105"]
[GameId "2160767910294571"]
[EventDate "2008.10.30"]
[EventType "swiss"]
[EventRounds "8"]
[EventCountry "CAN"]
[SourceTitle "EXT 2011"]
[Source "ChessBase"]
[SourceDate "2011.11.26"]
[SourceVersion "1"]
[SourceVersionDate "2011.11.26"]
[SourceQuality "1"]

1. d4 Nf6 2. c4 g6 3. Nc3 Bg7 4. Nf3 O-O 5. Bg5 d6 6. e3 c6 7. Be2 Nbd7 8. Qc2 Nb6 9. O-O Bg4 10. b3 Bxf3 11. Bxf3 Nbd7 12. Rad1 Qa5 13. Bh4 Rac8 14. Bg3 Nh5 15. Bh4 Nhf6 16. Rfe1 e5 17. dxe5 Nxe5 18. Rxd6 Nxf3+ 19. gxf3 Ne4 20. fxe4 Qxc3 21. Qxc3 Bxc3 22. Red1 Rce8 23. Rd7 Rxe4 24. Bg3 b5 25. cxb5 cxb5 26. Rxa7 Rg4 27. Rdd7 Rg5 28. Kf1 Rf5 29. Bd6 Re8 30. Ke2 h5 31. Rab7 Rc8 32. Rb8 Rxb8 33. Bxb8 Ba5 34. Ra7 Bc3 35. Rb7 Bf6 36. Bd6 Bh4 37. f3 Rd5 38. Bb4 Bf6 39. f4 Ba1 40. Kf3 f5 41. Rb6 Kf7 42. Rd6 Rxd6 43. Bxd6 Ke6 44. Bb4 Bf6 45. e4 fxe4+ 46. Kxe4 Bh4 47. h3 Bf2 48. a4 bxa4 49. bxa4 Ba7 50. a5 Bg1 51. a6 Ba7 52. Bc3 Kd7 53. Bd4 1-0

[Event "Scarborough CC Fall Swiss"]
[Site "Toronto CAN"]
[Date "2008.11.20"]
[Round "4"]
[White "Morrison, Kyle"]
[Black "Sellars, Karl"]
[Result "0-1"]
[WhiteElo "2244"]
[BlackElo "2154"]
[PlyCount "80"]
[GameId "2160767910294572"]
[EventDate "2008.10.30"]
[EventType "swiss"]
[EventRounds "8"]
[EventCountry "CAN"]
[SourceTitle "EXT 2011"]
[Source "ChessBase"]
[SourceDate "2011.11.26"]
[SourceVersion "1"]
[SourceVersionDate "2011.11.26"]
[SourceQuality "1"]

1. d4 Nf6 2. Nf3 d5 3. c4 c6 4. Nc3 e6 5. Bg5 dxc4 6. e4 b5 7. e5 h6 8. Bh4 g5 9. Nxg5 hxg5 10. Bxg5 Nbd7 11. exf6 Qa5 12. Bd2 Bb7 13. a4 Qb6 14. Be3 O-O-O 15. a5 Qc7 16. a6 Ba8 17. b3 Bb4 18. Qc2 Nxf6 19. O-O-O Nd5 20. Nxd5 cxd5 21. h4 Qa5 22. Kb1 Rd6 23. Qa2 Qxa2+ 24. Kxa2 Rxa6+ 25. Kb2 Ra3 26. h5 Rxb3+ 27. Kc2 Rc3+ 28. Kb2 a5 29. h6 a4 30. Bd2 a3+ 31. Ka1 Bc6 32. Rb1 Rh3 33. Rxh3 Bxd2 34. h7 b4 35. Ka2 Ba4 36. Be2 Bc2 37. Rbh1 Kd7 38. Bd1 b3+ 39. Kxa3 Ra8+ 40. Kb2 Ra2# 0-1

[Event "Scarborough CC Fall Swiss"]
[Site "Toronto CAN"]
[Date "2008.11.20"]
[Round "4"]
[White "Moysoski, Randy"]
[Black "Arfin, Sam"]
[Result "1-0"]
[WhiteElo "1804"]
[BlackElo "1902"]
[PlyCount "71"]
[GameId "2160767910294573"]
[EventDate "2008.10.30"]
[EventType "swiss"]
[EventRounds "8"]
[EventCountry "CAN"]
[SourceTitle "EXT 2011"]
[Source "ChessBase"]
[SourceDate "2011.11.26"]
[SourceVersion "1"]
[SourceVersionDate "2011.11.26"]
[SourceQuality "1"]

1. e4 c5 2. Nc3 g6 3. g3 Bg7 4. Bg2 Nc6 5. d3 d6 6. Nh3 Bxh3 7. Bxh3 Nf6 8. Bg2 Rb8 9. O-O O-O 10. f4 Ne8 11. f5 Nc7 12. Be3 b5 13. Qd2 b4 14. Nd1 Nb5 15. Bh6 Nbd4 16. Bxg7 Kxg7 17. Ne3 f6 18. c3 bxc3 19. bxc3 Nb5 20. a4 Nc7 21. h4 Qc8 22. Ng4 Rg8 23. Bh3 Qf8 24. d4 Na5 25. Rab1 Rxb1 26. Rxb1 gxf5 27. Nh6 Rh8 28. Nxf5+ Kf7 29. Kh2 cxd4 30. cxd4 Nc6 31. Qc3 Qa8 32. Qc4+ e6 33. Nxd6+ Ke7 34. Nb5 Nxb5 35. Qxe6+ Kf8 36. Qxf6+ 1-0

[Event "Scarborough CC Fall Swiss"]
[Site "Toronto CAN"]
[Date "2008.11.20"]
[Round "4"]
[White "Rutherdale, William"]
[Black "Paterson, Jim"]
[Result "0-1"]
[WhiteElo "1756"]
[BlackElo "1843"]
[PlyCount "74"]
[GameId "2160767910294574"]
[EventDate "2008.10.30"]
[EventType "swiss"]
[EventRounds "8"]
[EventCountry "CAN"]
[SourceTitle "EXT 2011"]
[Source "ChessBase"]
[SourceDate "2011.11.26"]
[SourceVersion "1"]
[SourceVersionDate "2011.11.26"]
[SourceQuality "1"]

1. d4 e6 2. c4 c5 3. Nf3 Nf6 4. Nc3 cxd4 5. Nxd4 Nc6 6. e3 a6 7. Bd3 Bc5 8. Nf3 d5 9. cxd5 Nxd5 10. Nxd5 Qxd5 11. O-O O-O 12. a3 Rd8 13. Be2 Qxd1 14. Rxd1 Be7 15. Rxd8+ Bxd8 16. b4 Bf6 17. Ra2 Bd7 18. Rd2 Be8 19. Bb2 Bxb2 20. Rxb2 Kf8 21. Kf1 Ke7 22. Ng5 f6 23. Ne4 Nd8 24. Bf3 Bc6 25. Ke2 Nf7 26. Nc5 Bxf3+ 27. Kxf3 b6 28. Nb3 Rc8 29. Ke4 Nd6+ 30. Kd3 Nc4 31. Rc2 Ne5+ 32. Kd2 Rxc2+ 33. Kxc2 Ng4 34. f3 Nxe3+ 35. Kd3 Nxg2 36. Nd4 Nf4+ 37. Ke4 Nd5 0-1

[Event "Scarborough CC Fall Swiss"]
[Site "Toronto CAN"]
[Date "2008.11.20"]
[Round "4"]
[White "Samaroo, Muneshwar"]
[Black "Armstrong, Robert J"]
[Result "0-1"]
[WhiteElo "1646"]
[BlackElo "1804"]
[PlyCount "132"]
[GameId "2160767910294575"]
[EventDate "2008.10.30"]
[EventType "swiss"]
[EventRounds "8"]
[EventCountry "CAN"]
[SourceTitle "EXT 2011"]
[Source "ChessBase"]
[SourceDate "2011.11.26"]
[SourceVersion "1"]
[SourceVersionDate "2011.11.26"]
[SourceQuality "1"]

1. e4 g6 2. Nf3 Bg7 3. d4 d6 4. Bc4 Nf6 5. Nbd2 Nxe4 6. Bxf7+ Kxf7 7. Nxe4 Rf8 8. O-O Kg8 9. c3 d5 10. Qb3 Nc6 11. Nc5 Na5 12. Qc2 b6 13. Nd3 Bf5 14. b3 c5 15. Qe2 Bg4 16. Qe3 Bxf3 17. gxf3 cxd4 18. cxd4 Qd6 19. Re1 Rae8 20. f4 Nc6 21. Ne5 Bh6 22. Nxc6 Qxc6 23. Qe6+ Qxe6 24. Rxe6 Bxf4 25. Bxf4 Rxf4 26. Rd1 Rf6 27. Re5 e6 28. Rc1 Kf7 29. Rc7+ Re7 30. Rc6 Rf4 31. Re3 Rxd4 32. Rf3+ Kg7 33. Kf1 e5 34. Ke2 Re4+ 35. Kd2 Rf4 36. Ke2 Kh6 37. Rh3+ Kg5 38. Rg3+ Kf5 39. h3 h5 40. Rgxg6 Ke4 41. Rg5 h4 42. Rc3 d4 43. f3+ Kd5 44. Rd3 Ref7 45. a3 a5 46. a4 R7f6 47. Rg8 e4 48. Rd8+ Kc5 49. Rc8+ Rc6 50. Rxc6+ Kxc6 51. fxe4 Rxe4+ 52. Kf3 Kd5 53. Kf2 Rf4+ 54. Kg2 Ke4 55. Rd1 d3 56. Rc1 d2 57. Rc8 d1=Q 58. Re8+ Kf5 59. Rf8+ Kg6 60. Rxf4 Qc2+ 61. Kg1 Qc1+ 62. Rf1 Qe3+ 63. Rf2 Kg5 64. Kg2 Qg3+ 65. Kf1 Qxh3+ 66. Kg1 Qxb3 0-1

[Event "Scarborough CC Fall Swiss"]
[Site "Toronto CAN"]
[Date "2008.11.20"]
[Round "4"]
[White "Wilker, Marcus"]
[Black "Ferreira, Alex"]
[Result "0-1"]
[WhiteElo "1832"]
[BlackElo "1960"]
[PlyCount "108"]
[GameId "2160767910294577"]
[EventDate "2008.10.30"]
[EventType "swiss"]
[EventRounds "8"]
[EventCountry "CAN"]
[SourceTitle "EXT 2011"]
[Source "ChessBase"]
[SourceDate "2011.11.26"]
[SourceVersion "1"]
[SourceVersionDate "2011.11.26"]
[SourceQuality "1"]

1. e4 d5 2. exd5 Nf6 3. d4 Nxd5 4. Nf3 g6 5. c4 Nb6 6. Nc3 Bg7 7. Be3 O-O 8. Be2 Nc6 9. a4 a5 10. d5 Ne5 11. Nxe5 Bxe5 12. Bd4 Bxd4 13. Qxd4 Re8 14. Qf4 e5 15. Qg3 Nd7 16. h4 h6 17. Bh5 Kh7 18. Bd1 f5 19. Bc2 Nf6 20. O-O-O Bd7 21. Rhe1 Nh5 22. Qh2 Qe7 23. Re2 Qd6 24. Rde1 e4 25. Qxd6 cxd6 26. f3 Nf4 27. Rd2 e3 28. Rd4 g5 29. hxg5 hxg5 30. g3 Ng6 31. f4 Kg7 32. Nd1 Kf6 33. Nxe3 Rh8 34. fxg5+ Kxg5 35. Rf1 Raf8 36. Ng2 Rh3 37. g4 fxg4 38. Rxf8 Nxf8 39. Rf4 Rf3 40. Rxf3 gxf3 41. Ne3 Ng6 42. Bxg6 Kxg6 43. Kd2 Bxa4 44. Ke1 Kg5 45. Nf1 Kf4 46. Kf2 Ke4 47. b3 Bd7 48. Nd2+ Kd3 49. Nxf3 Kc3 50. Ke3 Kxb3 51. Nd2+ Kc3 52. Ne4+ Kb2 53. Nxd6 a4 54. Kd4 a3 0-1

[Event "Scarborough CC Fall Swiss"]
[Site "Toronto CAN"]
[Date "2008.11.27"]
[Round "5"]
[White "Arfin, Sam"]
[Black "Maister, Martin"]
[Result "1-0"]
[WhiteElo "1902"]
[BlackElo "1756"]
[PlyCount "73"]
[GameId "2160767910294578"]
[EventDate "2008.10.30"]
[EventType "swiss"]
[EventRounds "8"]
[EventCountry "CAN"]
[SourceTitle "EXT 2011"]
[Source "ChessBase"]
[SourceDate "2011.11.26"]
[SourceVersion "1"]
[SourceVersionDate "2011.11.26"]
[SourceQuality "1"]

1. e4 c5 2. b3 Nc6 3. Bb2 e5 4. Nc3 d6 5. Bc4 Nf6 6. d3 Be7 7. Nge2 O-O 8. O-O a6 9. a4 b6 10. f4 Bg4 11. h3 Bxe2 12. Nxe2 Nd4 13. Nc3 Qd7 14. Nd5 Nxd5 15. Bxd5 Ra7 16. c3 Ne6 17. Bc1 exf4 18. Bxf4 Nxf4 19. Rxf4 Bf6 20. Qc2 b5 21. axb5 axb5 22. Raf1 Rb8 23. Qe2 Qd8 24. Qh5 Rc8 25. Qg4 Kh8 26. Rf5 Rcc7 27. h4 Bxc3 28. Bxf7 Bd4+ 29. Kh1 g6 30. Bxg6 hxg6 31. Rf8+ Qxf8 32. Rxf8+ Kh7 33. Rf1 Rf7 34. Rxf7+ Rxf7 35. Qd1 Be5 36. g4 Rf8 37. Qg1 1-0